000 00507nam a2200157 a 4500
001 000045018
005 20201002045817.0
008 150129s1991 xxu 001 0 spa d
020 _a0140169539
040 _aDO-SdBNP
_bspa
_cBNPHU
100 1 _aConquest, Robert
_973027
245 1 0 _aStalin. :
_bbreaker of nations /
_cRobert Conquest.
260 _aNew York, Estados Unidos, :
_bPenguin books,
_c1991.
300 _a346 p. ;
_c20 cm.
590 _aPerteneció a la biblioteca personal de Germán Emilio Ornes.
999 _c44507
_d44507